| 000 | 00000nam 2200000zi 4500 |
| 001 | 9.933111 |
| 003 | CaOODSP |
| 005 | 20240202105732 |
| 006 | m o d f |
| 007 | cr |n||||||||| |
| 008 | 240129e202306##oncd ob f|0| 0 eng d |
| 040 | |aCaOODSP|beng|erda|cCaOODSP |
| 043 | |an-cn--- |
| 086 | 1 |aFR5-233/2023E-PDF |
| 245 | 00|aFuture of diplomacy : |btransforming Global Affairs Canada : discussion paper. |
| 264 | 1|a[Ottawa] : |bGlobal Affairs Canada = Affaires mondiales Canada, |cJune 2023. |
| 300 | |a1 online resource (34 pages) : |bcharts |
| 336 | |atext|btxt|2rdacontent |
| 337 | |acomputer|bc|2rdamedia |
| 338 | |aonline resource|bcr|2rdacarrier |
| 500 | |aIssued also in French under title: L'Avenir de la diplomatie : transormer Affaires mondiales Canada : document de travail. |
| 504 | |aIncludes bibliographical references. |
| 610 | 10|aCanada. |bGlobal Affairs Canada. |
| 650 | 0|aDiplomacy|zCanada. |
| 710 | 1 |aCanada. |bGlobal Affairs Canada, |eissuing body. |
| 775 | 08|tL'Avenir de la diplomatie : |w(CaOODSP)9.933326 |
| 856 | 40|qPDF|s1.08 MB|uhttps://publications.gc.ca/collections/collection_2024/amc-gac/FR5-233-2023-eng.pdf |